000 00636nam a2200193Ia 4500
008 151119s9999||||xx |||||||||||||| ||und||
082 _a613.2
082 _bGKKV26169
100 _aगाला धीरेन
245 _aनिरोगी राहण्याची गुरुकिली
260 _a--
260 _b--
260 _c0
600 _aगाला धीरेन
630 _aनिरोगी राहण्याची गुरुकिली
700 _aगाला धीरेन
730 _aनिरोगी राहण्याची गुरुकिली
942 _cBOOK
999 _c1078651
_d1078648